000 00470nam a22001577a 4500
999 _c2753
_d2753
008 200316b ||||| |||| 00| 0 eng d
020 _a9788185594958
100 _91437
_aBhatt, N. D.
245 1 0 _aMachine Drawing [In Front-Angle Projection Method] /
_cby N. D. Bhatt and V.M. Panchal.
250 _a44th ed.
260 _aGujarat:
_bCharotar Publishing,
_c2009.
300 _axvi,350p.
650 0 _aMechanical Drawing
700 _aPanchal, V. M.
_92370
942 _cBK